Kyrgyz adabii︠a︡ty : okutuu orus tilinde zhu̇rgu̇zu̇lgȯn mektepterdin 9-klasstary u̇chu̇n okuu kitebi /
Saved in:
| Main Authors: | , |
|---|---|
| Format: | Book |
| Language: | Kirghiz |
| Published: |
Bishkek :
Kyrgyz ėnt︠s︡iklopedii︠a︡sy,
2013.
|
| Subjects: | |
| Tags: |
Add Tag
No Tags, Be the first to tag this record!
|
| LEADER | 01363nam a22003015i 4500 | ||
|---|---|---|---|
| 001 | 13030607 | ||
| 005 | 20180110040357.0 | ||
| 008 | 171222s2013 kg 000 0 kir d | ||
| 020 | |a 9789967141056 : |c USD25 | ||
| 035 | |a (RuMoEVIS)1226087B | ||
| 040 | |a RuMoEVIS |b eng |e rda |c RuMoEVIS | ||
| 041 | |a kir | ||
| 100 | 1 | |6 880-01 |a Omorova, A. A., |e author. | |
| 245 | 1 | 0 | |6 880-02 |a Kyrgyz adabii︠a︡ty : |b okutuu orus tilinde zhu̇rgu̇zu̇lgȯn mektepterdin 9-klasstary u̇chu̇n okuu kitebi / |c A.A. Omorova, D.K. Dosmatova. |
| 264 | 1 | |6 880-03 |a Bishkek : |b Kyrgyz ėnt︠s︡iklopedii︠a︡sy, |c 2013. | |
| 300 | |a 133 pages ; |c 23 cm | ||
| 336 | |a text |b txt |2 rdacontent | ||
| 337 | |a unmediated |b n |2 rdamedia | ||
| 338 | |a volume |b nc |2 rdacarrier | ||
| 546 | |a In Kirghiz. | ||
| 653 | 0 | |a Oriental philology and literature. | |
| 653 | 0 | |a Textbooks. | |
| 700 | 1 | |6 880-04 |a Dosmatova, D. K., |e author. | |
| 880 | 1 | |6 100-01/ |a Оморова, А. А., |e author. | |
| 880 | 1 | 0 | |6 245-02/ |a Кыргыз адабияты : |b , окутуу орус тилинде жүргүзүлгөн мектептердин 9-класстары үчүн окуу китеби / |c А.А. Оморова, Д.К. Досматова. |
| 880 | 1 | |6 264-03/ |a Бишкек : |b Кыргыз энциклопедиясы, |c 2013. | |
| 880 | 1 | |6 700-04/ |a Досматова, Д. К., |e author. | |
| 852 | |b sho | ||


